00309nam a2200121Ia 4500008004100000041000800041082001900049100001900068245001600087260004200103300003300145365000900178240624s9999 xx 000 0 und d aeng a658.400994 KID aKIDMAN MATTHEW aMASTER CEOS c2009aNew JerseybJohn Wiley and Sons axviii, : 365 : p. : cm. ; 23 cb30